Quizzes
Events
Quiz Creation
Community
Videos
Private Events
Remove Ads
Sign In
Join for FREE
Feedback
Dark Mode
Quiz Categories
Sports
Geography
Music
Movies
Television
Just For Fun
Miscellaneous
History
Literature
Language
Science
Gaming
Entertainment
Religion
Holiday
For Kids
Quiz Lab
Recent
Popular Today
Quiz Kudos Today
Editor Picks
Curator Picks
Quizzes by...
Day
Popularity
Type
Ratings
Length
Year
Community
Subscriptions
Recent Discussions
Orange Saloon
Badges
Playlists
Quests
Create
Leaderboards
Showdown
Live 5
Trivia Bingo
Activity
Puzzle Library
Sporcle Events
Private Events
Virtual Trivia
Globe League
Become a Host
Pub Owners
SporcleCon
Opinionation
Our Games
Videos
Blog
Mobile Apps
Partnerships
Remove Ads and Go Orange
Feedback
History
US Presidents
World Leaders
Politics
Nation
Discovery
War
Decade
Year
Century
Biography
Art
History
US Presidents
World Leaders
Politics
Nation
Discovery
War
Decade
Year
Century
Biography
Art
Random Quiz
Search Sporcle
×
Quiz Lab
Quiz Lab
History
First Ladies
Select answers by clicking on text or image buttons
Select answers by clicking on text or image buttons
Clickable
Best Score? Go Orange.
Guess The First Lady by their death date. Stats
Can you guess The First Lady by their death date.?
By
jssmith23
10m
50 Questions
71 Plays
71 Plays
71 Plays
Comments
Comments
Give Quiz Kudos
Give Quiz Kudos
-
- Ratings
hide this ad
Forced Order
Answers have to be entered in order
Answers have to be entered in order
Replay
Link that replays current quiz
Next Quiz
Link to next quiz in quiz playlist
You Got
0%
They Got
Avg Score
38%
Avg Friend Score
Upgrade to see
Score Distribution
Jump to the score distribution portion of the page
Score
0/50
Timer
10:00
0
Plays Today
% Correct
Nancy Davis
94.4%
Martha Dandridge
66.2%
Mamie Geneva Doud
66.2%
Jacqueline Lee Bouvier
57.7%
Abigail Powers
53.5%
Anna Eleanor Roosevelt
53.5%
Elizabeth Virginia Wallace
50.7%
Dolley Payne
50.7%
Caroline Lavinia Scott
49.3%
Abigail Smith
47.9%
Lou Henry
47.9%
Elizabeth Ann Bloomer
47.9%
Claudia Alta Taylor
47.9%
Florence Mabel Kling
46.5%
Ida Saxton
46.5%
Anna Tuthill Symmes
45.1%
Frances Clara Folsom
45.1%
Edith Bolling
43.7%
Ellen Louise Axson
43.7%
Thelma Catherine Ryan
43.7%
Mary Ann Todd
42.3%
Edith Kermit Carow
40.8%
Elizabeth Kortright
40.8%
Hannah Hoes
40.8%
Grace Anna Goodhue
40.8%
% Correct
Eliza McCardle
39.4%
Ellen Lewis Herndon
39.4%
Julia Boggs Dent
39.4%
Martha Wayles
38%
Letitia Christian
38%
Jane Means Appleton
36.6%
Louisa Catherine Johnson
33.8%
Julia Gardiner
32.4%
Lucy Ware Webb
32.4%
Sarah Childress
32.4%
Rachel Donelson
29.7%
Lucretia Rudolph
29.6%
Emily Donelson
28.2%
Helen Louise Herron
28.1%
Margaret Woodrow Wilson
26.6%
Martha Jefferson
23.9%
Margaret Mackall Smith
22.5%
Jane Irwin Harrison
22.5%
Harriet Rebecca Lane
21.1%
Elizabeth Priscilla Cooper Tyler
16.9%
Rose Elizabeth Cleveland
14.1%
Mary Scott Harrison
14.1%
Mary Arthur
14.1%
Sarah Angelica Singleton
12.7%
Sarah Yorke Jackson
9.9%
Quiz Playlist
Details
Report
Send in Message
Add To Playlist
Clickable:
Select answers by clicking on text or image buttons
Forced Order:
Answers have to be entered in order
Last Updated: Feb 16, 2017
Quiz Scoreboard
CHALLENGE
Sign Up to Join the Scoreboard
Show All
Scores
Hide
Comments
May contain spoilers
Recently Published
Movies - When Are They Set?
by FPL_Elf
Movies
5m
Popular People in 1961
by mucciniale
History
6m
1-10 Letter E Words III
by El_Dandy
Language
2m
More to Explore
Quiz From the Vault
Featured Blog Post
Where Did the Easter Bunny Come From?
hide this ad
You Might Also Like...
Tags
death
First Ladies
USA
Today's Top Quizzes in History
Browse History
hide this ad
Today's Top Quizzes in First Ladies
Browse First Ladies
Top Contributed Quizzes in History
1
Popular People in 1991
2
Popular People in 1981
3
Popular People in 1951
4
Popular People in 1941
5
Popular People in 1986
6
Popular People in 1921
7
Popular People in 1976
8
I Am Born On March 28th
9
Popular People in 1946
10
Popular People in 1936
Explore More
Trending Topics
Harry Potter
Anime
Kpop
Marvel
Crossword
NBA
Disney
The Office
Soccer
Country
Pokémon
Puzzle
Song
NFL
WWE
hide this ad
More By:
jssmith23
Quiz
Plays
Rating
Category
Featured
Created
Can you name the Counties of England?
9,722
3.33
Geography
Jul 31, 2016
Monarchs of England (871 - Present)
1,165
1.33
History
Jul 30, 2016
Can you name the members of the Bardon Bellas?
869
1.50
Movies
Aug 1, 2016
Cities of the Scotland, Northern Ireland and the UK?
746
2.67
Geography
May 31, 2017
Can you name the Russian Monarchs (862-1917)
578
5.00
History
Apr 27, 2017
Go to Creator's Profile
Score Distribution
Quiz Creator Spotlight
jssmith23
Follow
Send a Message
Quizzes Created
-
Created Quiz Play Count
-
More By This Creator
Popular Quizzes Today
1
Find the US States - No Outlines Minefield
2
Find the Countries of Europe - No Outlines Minefield
3
The Countries of the World
4
Popular People in 1961
5
1-10 Letter E Words III
6
US States
7
Find the US States
8
One Thing in Common: World Cities II
More History Quizzes
On This Day: September 19th by Category
Editor's Pick
Trending Quizzes
Risky Map Clicking: Least Populous States A-Z
1-10 Letter F Words
1-10 Letter G Words
One Thing in Common: United Kingdom
Risky Map Clicking: Next State Alphabetically
Recently Updated
Leaping Animals
pecheneg
Reality TV Shows (A-Z)
bhenderson79
Rickey Henderson's Hall of Fame Teammates
pecheneg
Champions League XIs: Arsenal
pecheneg
Quick Pick: Celebrities in WWE's Hall of Fame
aduchscher
A-Z Keypad Blitz II
pecheneg
Multiple Oscar Actors
pecheneg
Mystery Phrase Blitz: Oscar 'Best Actors'
pecheneg
F. Scott Fitzgerald Novels
LTH
Pick 3 Villains
ddd62291
Trending Topics
Anime
Harry Potter
Disney
NBA
Marvel
Crossword
Kpop
Soccer
Pokémon
The Office
Song
NFL
Country
WWE
Puzzle
Your Account Isn't Verified!
In order to create a playlist on Sporcle, you need to verify the email address you used during registration. Go to your
Sporcle Settings
to finish the process.
Report this User
Report this user for behavior that violates our
Community Guidelines
.
Details:
Send Report
Go to the Sporcle.com Mobile Site →
Comments